1741 1643 1339 1903 1241 1829 1414 1802 1997 1220 1842 1920 1866 1822 1266 1158 1774 1131 1350 1170 1298 1591 1538 1154 1193 1249 1296 1448 1203 1939 1297 1477 1898 1183 1644 1840 1352 1654 1823 1425 1182 1050 1842 1640 1768 1515 1675 1136 1601 1821 1674 1187 1089 1916 1650 1928 1014 1310 1475 1901 1528 1308 1408 1775 1766 1254 1255 1466 1283 1257 1723 1765 1161 1593 1024 1880 1910 1756 1634 1327 1125 1840 1022 1726 1688 1238 1166 1147 1077 1964 1234 1654 1031 1462 1940 1064 1371 1446 1210 BCNSPRNW ULIB Ver.6.0+V

เปลี่ยนเป็นภาษาไทย

Change to English
 แสดงรายละเอียดบรรณานุกรม
  กลับหน้าหลัก

Brief Record : Get Marc (ISO 2709) : E-mail record : QR code < ปิดหน้าต่าง
LEADER : 00000nam 2200000uu 4500
001    13399124346
003     ULIB
008    150511s2555||||th 000 0 tha d
020    ^a9786162142284
099    ^aนว ว257อ
100    ^aวรรณวรรธน์
245    ^aอขิทโร มหาคุรุเทวา ปรัยวสาน ๑ เล่ม 4
250    ^aพิมพ์ครั้งที่ 1
260    ^aกรุงเทพฯ :^bณ บ้านวรรณกรรม กรุ๊ป,^c2555
300    ^a282 หน้า
650    ^aวรรณวรรธน์^xนิยาย
945    ^p300^l0^i039390
999    ^aเกษร โพธิ์สุวรรณ
รายการนี้ยังไม่มีแท็ก
คุณยังไม่ได้ล็อกอิน คุณสามารถมีกิจกรรมร่วมกับเว็บไซต์ได้ แต่ต้องล็อกอินก่อน ::
  ล็อกอิน

รายการสื่อสารสนเทศ

ลำดับที่ ประเภท เลขเรียก/บาร์โค้ด สถานที่ สถานะ
1. นวนิยาย
นวนิยาย
นว ว257อ ฉ.1 
  Barcode: 039390
ห้องสมุดวิทยาเขตสวรรค์ประชารักษ์
►นวนิยาย
บนชั้น
  ขอยืม

รายการใกล้เคียง
    ผู้แต่ง [วรรณวรรธน์]

BibComment


ยังไม่เคยถูกคอมเมนท์

คอมเมนท์ทรัพยากรรายการนี้
  คอมเมนท์: อขิทโร มหาคุรุเท..


 Copyright 2026. Bcnsprnw @Library